Fragmentos póstumos sobre política
Saved in:
| Format: | Book |
|---|---|
| Language: | Spanish |
| Published: |
Madrid
Trotta
2004
|
| Edition: | 1a. ed |
| Series: | Clásicos de la Cultura, 30
|
| Subjects: | |
| Tags: |
Add Tag
No Tags, Be the first to tag this record!
|
MARC
| LEADER | 00000cam a2200000 a 4500 | ||
|---|---|---|---|
| 001 | UCK4872 | ||
| 003 | CL-VaPUC | ||
| 008 | 050624e20040000SP |||||||||||||||||spa|d | ||
| 020 | |a 8481647276 | ||
| 082 | 0 | 4 | |a 320.01 |b NIE |2 21 |
| 245 | 1 | 0 | |a Fragmentos póstumos sobre política |
| 250 | |a 1a. ed | ||
| 300 | |a 206 p | ||
| 942 | |c BK | ||
| 945 | |d 20050624 00:00:00 |a jcarroza | ||
| 260 | |a Madrid |b Trotta |c 2004 | ||
| 650 | 7 | |a FILOSOFIA POLITICA |2 CL-VaPUC |9 493509 | |
| 650 | 0 | |a Filosofía alemana |9 265002 | |
| 583 | |a last modification |c 20170523 09:13:32 |k Rodrigo Vera | ||
| 490 | 0 | |a Clásicos de la Cultura, 30 | |
| 999 | |c 313607 |d 313605 | ||
| 952 | |0 0 |1 0 |4 0 |6 320_010000000000000_NIE_2004 |7 0 |8 A |9 385037 |a BIBEDU |b BIBEDU |d 2019-11-22 |i 413592K |o 320.01 NIE 2004 |p 413592K |r 2019-11-22 |w 2019-11-22 |y BK |k FIL | ||
| 952 | |0 0 |1 0 |3 erb |4 0 |6 320_010000000000000_NIE_2004 |7 0 |8 A |9 385038 |a BIBEDU |b BIBEDU |i 5377633 |l 1 |o 320.01 NIE 2004 |p 5377633 |r 2024-04-29 |s 2024-04-16 |w 2019-11-22 |y BK |z Catalogado en:20170527 |k FIL | ||